| 000 | 01341nam0a22002891 4500 | ||
|---|---|---|---|
| 001 | rc\3242625 | ||
| 005 | 20250609194926.0 | ||
| 021 |
_aRU _b[69-94433] |
||
| 035 | _a(NLR Aleph) 007476401 | ||
| 090 |
_a7469560 _c7469560 |
||
| 100 | _a20130115d1969 |||y0rusy50 ca | ||
| 101 | 0 | _arus | |
| 102 | _aRU | ||
| 105 | _ay z ||||| | ||
| 200 | 1 |
_aРекомендуемые содержания породообразующих и малых элементов в стандартных породах ИГЕМ по данным межлабораторного анализа (обзор результатов) _fИн-т геологии рудных месторождений, петрографии, минералогии и геохимии АН СССР. Лаборатория спектр. анализа |
|
| 210 |
_aМосква _cБ. и. _d1969 |
||
| 215 |
_a68 с. _d20 |
||
| 320 | _aБиблиогр.: с. 62-64 (45 назв.) | ||
| 606 |
_aЭталоны для спектрального анализа _2psbo |
||
| 606 |
_aГорные породы _xСпектральный анализ _2psbo |
||
| 700 | 1 |
_aХитров _bВ.Г. _gВасилий Георгиевич |
|
| 701 | 1 |
_aКортман _bР.В. |
|
| 801 | 0 |
_aRU _bNLR _gpsbo |
|
| 801 | 1 |
_aRU _bELAR _2rusmarc |
|
| 852 |
_aNLR _j69-4/28239 |
||
| 942 | _cBOOK | ||
| 980 | _aNB | ||